[Event "Sao Paulo Carnaval op"]
[Site "Sao Paulo"]
[Date "2018.02.13"]
[Round "7"]
[White "Haman, Muhammad"]
[Black "Nunes, Marcela Andreia Dia"]
[Result "1-0"]
[WhiteElo "1912"]
[BlackElo "1543"]
[PlyCount "137"]
[EventDate "2018.02.10"]
[EventType "swiss"]
[EventRounds "7"]
[EventCountry "BRA"]
[SourceTitle "CBM 183 Extra"]
[Source "ChessBase"]
[SourceDate "2018.04.19"]
[SourceVersion "1"]
[SourceVersionDate "2018.04.19"]
[SourceQuality "1"]

1. e4 c5 2. Nf3 g6 3. Bc4 Bg7 4. Nc3 Nc6 5. d3 Nf6 6. Ng5 0-0 7. f4 d6 8. Nd5 e6 9. Nxf6+ Bxf6 10. h4 d5 11. Bb3 h6 12. Nf3 dxe4 13. dxe4 Qxd1+ 14. Kxd1 Rd8+ 15. Ke1 b5 16. c3 Ba6 17. h5 c4 18. Bc2 Kg7 19. hxg6 fxg6 20. e5 Be7 21. Be4 Bb7 22. Nh4 Bxh4+ 23. Rxh4 Rh8 24. Rg4 Nxe5 25. fxe5 Bxe4 26. Rxe4 Rad8 27. Rd4 g5 28. Be3 Rxd4 29. Bxd4 a6 30. a4 Rb8 31. axb5 Rxb5 32. Ra2 a5 33. Kd2 Kg6 34. Kc2 Kf5 35. Ra4 Kg4 36. Bf2 Rxe5 37. Rxc4+ Kf5 38. g4+ Kg6 39. Kd3 Rb5 40. b4 axb4 41. Rxb4 Rd5+ 42. Ke2 h5 43. gxh5+ Kxh5 44. Re4 e5 45. c4 Ra5 46. c5 Ra2+ 47. Kf3 g4+ 48. Kg2 Kg5 49. Rxe5+ Kf4 50. Re8 g3 51. Rf8+ Ke4 52. Kxg3 Kd5 53. Rd8+ Kc6 54. Rd6+ Kb7 55. Rf6 Ra4 56. Kf3 Rc4 57. Rd6 Ra4 58. Bd4 Ra8 59. Ke4 Re8+ 60. Kd5 Rg8 61. Be5 Kc8 62. Rb6 Rg5 63. Rb8+ Kd7 64. c6+ Ke7 65. Rb7+ Kd8 66. Rb8+ Ke7 67. c7 Rg1 68. c8Q Rd1+ 69. Bd4 1-0

[Event "Florianopolis op 4th"]
[Site "Florianopolis"]
[Date "2018.01.20"]
[Round "3"]
[White "Nunes, Marcela Andreia Dia"]
[Black "Fanckin, Alexandre"]
[Result "1-0"]
[WhiteElo "1543"]
[BlackElo "1299"]
[PlyCount "97"]
[EventDate "2018.01.19"]
[EventType "swiss"]
[EventRounds "10"]
[EventCountry "BRA"]
[SourceTitle "CBM 182 Extra"]
[Source "ChessBase"]
[SourceDate "2018.02.23"]
[SourceVersion "1"]
[SourceVersionDate "2018.02.23"]
[SourceQuality "1"]

1. d4 g6 2. c4 Bg7 3. Nc3 Nf6 4. e4 d6 5. Be2 0-0 6. Be3 e5 7. d5 a5 8. g4 Na6 9. h4 Qd7 10. f3 h5 11. g5 Ne8 12. Qd2 c6 13. 0-0-0 Qc7 14. Nh3 Bxh3 15. Rxh3 Qd7 16. Rh2 Nac7 17. dxc6 bxc6 18. c5 Rd8 19. cxd6 Qxd6 20. Qxd6 Nxd6 21. Bc5 Nce8 22. Bc4 Kh7 23. Rhd2 Rg8 24. Bxd6 Nxd6 25. Rxd6 Rxd6 26. Rxd6 Rc8 27. Bxf7 Rc7 28. Bxg6+ Kh8 29. Rd8+ Bf8 30. Rxf8+ Kg7 31. Rf6 Rc8 32. Bxh5 Rc7 33. Rf7+ Rxf7 34. Bxf7 Kxf7 35. h5 Kg7 36. Na4 Kh7 37. Nc5 Kg7 38. Nd7 Kh7 39. Nxe5 Kg7 40. Nxc6 Kh7 41. e5 Kg7 42. e6 Kf8 43. e7+ Ke8 44. h6 a4 45. h7 Kf7 46. h8Q Kg6 47. Qf6+ Kh7 48. e8Q a3 49. Qef7# 1-0

[Event "Cuiaba Contaud op"]
[Site "Cuiaba"]
[Date "2017.07.30"]
[Round "6"]
[White "Nunes, Marcela Andreia Dia"]
[Black "Moyses Sobrinho, Elias"]
[Result "0-1"]
[WhiteElo "1545"]
[BlackElo "1861"]
[PlyCount "96"]
[EventDate "2017.07.28"]
[EventType "swiss"]
[EventRounds "6"]
[EventCountry "BRA"]
[SourceTitle "EXT 2018"]
[Source "ChessBase"]
[SourceDate "2017.10.13"]
[SourceVersion "1"]
[SourceVersionDate "2017.10.13"]
[SourceQuality "1"]

1. d4 Nf6 2. c4 c5 3. d5 b5 4. cxb5 a6 5. bxa6 Bxa6 6. Nc3 d6 7. e4 Bxf1 8. Kxf1 g6 9. g3 Bg7 10. Kg2 0-0 11. Nf3 Nbd7 12. a4 Qa5 13. Bd2 Qb4 14. Qe2 Nb6 15. Rhe1 Qc4 16. Qd1 Ng4 17. Qc2 Rfb8 18. b3 Qa6 19. Rab1 c4 20. a5 cxb3 21. Rxb3 Qxa5 22. Reb1 Qc5 23. Be1 Nd7 24. Rxb8+ Rxb8 25. Rxb8+ Nxb8 26. h3 Ne5 27. Nxe5 Bxe5 28. Qd3 Nd7 29. Qb5 Bxc3 30. Qxc5 Nxc5 31. Bxc3 Nxe4 32. Bd4 f5 33. Kf3 Kf7 34. g4 Nf6 35. gxf5 gxf5 36. Kf4 Kg6 37. Bxf6 Kxf6 38. h4 h6 39. h5 e5+ 40. dxe6 Kxe6 41. Ke3 Ke5 42. f4+ Kd5 43. Kd3 Kc5 44. Kc3 d5 45. Kd3 d4 46. Kd2 Kc4 47. Kc2 d3+ 48. Kd2 Kd4 0-1

[Event "Cuiaba Contaud op"]
[Site "Cuiaba"]
[Date "2017.07.30"]
[Round "5"]
[White "Vargas, Roberto Carlos Melg"]
[Black "Nunes, Marcela Andreia Dia"]
[Result "0-1"]
[WhiteElo "1819"]
[BlackElo "1545"]
[PlyCount "76"]
[EventDate "2017.07.28"]
[EventType "swiss"]
[EventRounds "6"]
[EventCountry "BRA"]
[SourceTitle "EXT 2018"]
[Source "ChessBase"]
[SourceDate "2017.10.13"]
[SourceVersion "1"]
[SourceVersionDate "2017.10.13"]
[SourceQuality "1"]

1. e4 c5 2. Nf3 g6 3. d4 cxd4 4. Nxd4 Bg7 5. Nc3 Nc6 6. Be3 d6 7. Bc4 Nf6 8. f3 0-0 9. Qd2 Nxd4 10. Bxd4 Nd7 11. Bxg7 Kxg7 12. 0-0-0 Qa5 13. Kb1 a6 14. h4 h5 15. g4 Rh8 16. gxh5 Rxh5 17. Rdg1 Nf6 18. Rg5 b5 19. Rxh5 Nxh5 20. Bb3 Bb7 21. Qg5 Qc7 22. Nd5 Bxd5 23. Qxd5 Rf8 24. Rg1 Qc5 25. Qd1 Qe3 26. c3 Rh8 27. Qd4+ Qxd4 28. cxd4 Nf6 29. e5 dxe5 30. dxe5 Nd7 31. e6 fxe6 32. Bxe6 Ne5 33. f4 Nf3 34. Rg3 Nxh4 35. f5 Kf6 36. fxg6 Kxe6 37. g7 Rg8 38. Rh3 Ng6 0-1

[Event "Sao Paulo op-C U1700 6th"]
[Site "Sao Paulo"]
[Date "2017.04.15"]
[Round "4"]
[White "Seccafim, Caic Dos Santos"]
[Black "Nunes, Marcela Andreia Dia"]
[Result "0-1"]
[WhiteElo "1558"]
[BlackElo "1516"]
[PlyCount "134"]
[EventDate "2017.04.14"]
[EventType "swiss"]
[EventRounds "6"]
[EventCountry "BRA"]
[SourceTitle "EXT 2019"]
[Source "ChessBase"]
[SourceDate "2018.10.10"]
[SourceVersion "1"]
[SourceVersionDate "2018.10.10"]
[SourceQuality "1"]

1. Nf3 Nf6 2. g3 g6 3. Bg2 Bg7 4. 0-0 0-0 5. c4 d6 6. d4 c5 7. e3 Bg4 8. h3 Bf5 9. Nc3 Qc8 10. g4 Bd7 11. d5 a6 12. a4 Qc7 13. Qc2 b6 14. Ne2 Qb7 15. Ng3 b5 16. axb5 axb5 17. Rxa8 Qxa8 18. b3 bxc4 19. bxc4 Qa4 20. Qxa4 Bxa4 21. Bb2 Bb3 22. Nd2 Ba4 23. Ra1 Be8 24. g5 Nfd7 25. Bxg7 Kxg7 26. Ra8 f5 27. gxf6+ Kxf6 28. Nge4+ Kg7 29. Ng5 Bf7 30. Nxf7 Kxf7 31. Ne4 h6 32. Ra7 Rd8 33. Bf1 Nf6 34. Nxf6 Kxf6 35. Ra8 Rf8 36. Ra7 Rd8 37. h4 Nd7 38. Kg2 Ne5 39. Kg3 h5 40. Be2 Rb8 41. f4 Nf7 42. Kf3 Rb1 43. Ra8 Rb3 44. Ke4 Nh6 45. Ra2 Nf5 46. Bd3 Ng3+ 47. Kf3 Rxd3 48. Kxg3 Rxe3+ 49. Kf2 Rc3 50. Ra4 Rh3 51. Ra1 Rxh4 52. Kg3 Rg4+ 53. Kf3 Kf5 54. Re1 Rxf4+ 55. Kg3 Re4 56. Rf1+ Ke5 57. Rf7 Kd4 58. Kf3 Re5 59. Rf4+ Kd3 60. Rh4 Rf5+ 61. Kg3 Rg5+ 62. Kf3 Rg4 63. Rh1 Kxc4 64. Re1 Kxd5 65. Rxe7 c4 66. Re1 c3 67. Ke2 Re4+ 0-1

[Event "Sao Paulo-B U2050 op 5th"]
[Site "Sao Paulo"]
[Date "2016.10.16"]
[Round "5.20"]
[White "Nobre, Jailson Altair Barb"]
[Black "Nunes, Marcela Andreia Dia"]
[Result "1-0"]
[WhiteElo "1746"]
[BlackElo "1542"]
[PlyCount "65"]
[EventDate "2016.10.13"]
[EventType "swiss"]
[EventRounds "6"]
[EventCountry "BRA"]
[SourceTitle "EXT 2022"]
[Source "ChessBase"]
[SourceDate "2021.10.06"]
[SourceVersion "1"]
[SourceVersionDate "2021.10.06"]
[SourceQuality "1"]

1. c4 Nf6 2. Nc3 g6 3. g3 Bg7 4. Bg2 0-0 5. Nf3 d6 6. 0-0 e5 7. d3 Nc6 8. Bg5 h6 9. Bxf6 Bxf6 10. Rb1 Be6 11. b4 Qd7 12. Nd2 Rab8 13. b5 Ne7 14. Nd5 Nxd5 15. cxd5 Bh3 16. a4 Bxg2 17. Kxg2 c5 18. e4 Bg7 19. Nc4 f5 20. f3 h5 21. Qd2 f4 22. Qa5 b6 23. Qa6 g5 24. a5 bxa5 25. Qxd6 Qxd6 26. Nxd6 Rf6 27. Nc4 Bf8 28. Nxe5 Rb7 29. Nc6 a4 30. e5 Rf5 31. g4 hxg4 32. fxg4 Rff7 33. Nd8 1-0

[Event "Sao Paulo-B U2050 op 5th"]
[Site "Sao Paulo"]
[Date "2016.10.13"]
[Round "1.20"]
[White "Nunes, Marcela Andreia Dia"]
[Black "Vieira, Alexandre Letizio"]
[Result "0-1"]
[WhiteElo "1542"]
[BlackElo "1831"]
[PlyCount "114"]
[EventDate "2016.10.13"]
[EventType "swiss"]
[EventRounds "6"]
[EventCountry "BRA"]
[SourceTitle "EXT 2022"]
[Source "ChessBase"]
[SourceDate "2021.10.06"]
[SourceVersion "1"]
[SourceVersionDate "2021.10.06"]
[SourceQuality "1"]

1. d4 f5 2. Nf3 e6 3. Nc3 d5 4. Bg5 Nf6 5. e3 c6 6. Ne5 Bd6 7. Bxf6 Qxf6 8. f4 0-0 9. Qh5 Bxe5 10. dxe5 Qf7 11. Be2 Qxh5 12. Bxh5 Bd7 13. h4 c5 14. 0-0-0 b5 15. Bf3 Bc6 16. a3 Nd7 17. Rhg1 Kh8 18. g4 g6 19. gxf5 gxf5 20. Rg5 Rg8 21. Rdg1 Rxg5 22. hxg5 Nb6 23. b3 Rc8 24. Rh1 Kg7 25. Rh6 Bd7 26. Ne2 Rc6 27. Ng3 Be8 28. Nh5+ Bxh5 29. Bxh5 Na8 30. Rf6 Nc7 31. Rf7+ Kg8 32. Re7 a6 33. Bf7+ Kf8 34. Rd7 Ne8 35. Bh5 Ng7 36. Be2 c4 37. Kd2 Kg8 38. bxc4 bxc4 39. Kc3 Rb6 40. Rd6 Rxd6 41. exd6 Kf7 42. Kd4 Ke8 43. Kc5 Kd7 44. Kb6 Kxd6 45. Kxa6 Kc6 46. c3 Ne8 47. Bh5 Nd6 48. Ka5 Kc5 49. Ka6 Kc6 50. Ka5 Kc5 51. Ka6 Nb5 52. Bf7 Nxc3 53. Bxe6 Ne4 54. Bd7 Kd6 55. Ba4 Nc5+ 56. Ka5 Nxa4 57. Kxa4 Kc5 0-1

[Event "Belem Regional Norte"]
[Site "Belem"]
[Date "2016.03.20"]
[Round "5"]
[White "Nunes, Marcela Andreia Dia"]
[Black "Andrade, Francisco Lauzeniro"]
[Result "0-1"]
[WhiteElo "1534"]
[BlackElo "1730"]
[PlyCount "42"]
[EventDate "2016.03.18"]
[EventType "swiss"]
[EventRounds "6"]
[EventCountry "BRA"]
[SourceTitle "CBM 171 Extra"]
[Source "ChessBase"]
[SourceDate "2016.04.26"]
[SourceVersion "1"]
[SourceVersionDate "2016.04.26"]
[SourceQuality "1"]

1. e3 e5 2. Qe2 Nf6 3. d3 Bd6 4. Bd2 0-0 5. a3 Nc6 6. Nf3 b6 7. h4 Bb7 8. Ng5 h6 9. Nh3 e4 10. Nc3 exd3 11. cxd3 Re8 12. Rg1 Nd4 13. Qd1 Nd5 14. Ne4 Nf5 15. g4 Nxh4 16. b4 Nf6 17. g5 Nxe4 18. gxh6 g6 19. dxe4 Bxe4 20. Ng5 Bh2 21. Qg4 Nf5 0-1

[Event "BRA-ch (Women)"]
[Site "Sao Paulo"]
[Date "2016.02.09"]
[Round "7"]
[White "Heinrichs, Vivian"]
[Black "Nunes, Marcela Andreia Dia"]
[Result "1-0"]
[WhiteElo "1951"]
[BlackElo "1551"]
[PlyCount "87"]
[EventDate "2016.02.05"]
[EventType "tourn"]
[EventRounds "9"]
[EventCountry "BRA"]
[SourceTitle "CBM 171 Extra"]
[Source "ChessBase"]
[SourceDate "2016.04.26"]
[SourceVersion "1"]
[SourceVersionDate "2016.04.26"]
[SourceQuality "1"]

1. d4 g6 2. e4 Bg7 3. Nc3 d6 4. Be3 a6 5. Qd2 b5 6. h4 Nf6 7. f3 h5 8. 0-0-0 Bb7 9. Nh3 Nbd7 10. Nf4 e5 11. dxe5 Nxe5 12. Nfd5 Qd7 13. Kb1 Nxd5 14. Nxd5 Nc4 15. Bxc4 bxc4 16. Bd4 Bxd4 17. Qxd4 0-0-0 18. Qxc4 Kb8 19. Rd3 Qc6 20. Qd4 Qd7 21. Rb3 c5 22. Qc4 Ka7 23. Rd1 f5 24. Nb6 Qe7 25. exf5 d5 26. Qc3 gxf5 27. Na4 c4 28. Qd4+ Ka8 29. Re3 Qb4 30. Nb6+ Kb8 31. a3 Qb5 32. Re7 Rh6 33. Nxc4 Rc8 34. Qf4+ Ka8 35. Nd6 Rxd6 36. Qxd6 Qc4 37. Rc1 Rc6 38. Qd7 Rb6 39. Re8+ Ka7 40. Qd8 Rxb2+ 41. Kxb2 Qd4+ 42. Kb1 Qc5 43. Qb8+ Kb6 44. Re6+ 1-0

[Event "Maravilhosa-ch op"]
[Site "Maravilhosa"]
[Date "2016.01.22"]
[Round "1"]
[White "Nunes, Marcela Andreia Dia"]
[Black "Maia, Marco Aurelio Ferre"]
[Result "0-1"]
[WhiteElo "1551"]
[BlackElo "2092"]
[PlyCount "76"]
[EventDate "2016.01.22"]
[EventType "swiss"]
[EventRounds "6"]
[EventCountry "BRA"]
[SourceTitle "CBM 170 Extra"]
[Source "ChessBase"]
[SourceDate "2016.02.25"]
[SourceVersion "1"]
[SourceVersionDate "2016.02.25"]
[SourceQuality "1"]

1. d4 d6 2. c4 e5 3. dxe5 dxe5 4. Qxd8+ Kxd8 5. e4 Be6 6. Nf3 f6 7. Nc3 c6 8. a3 Nd7 9. Be3 Bc5 10. Bxc5 Nxc5 11. 0-0-0+ Kc7 12. b4 Nd7 13. Be2 Nh6 14. Rd2 a5 15. Rhd1 axb4 16. axb4 Nf7 17. c5 Ra3 18. Nb1 Ra4 19. Bc4 Bxc4 20. Rxd7+ Kc8 21. Re7 Rf8 22. Rdd7 Rxb4 23. Nc3 Nd8 24. Nd2 Bf7 25. Kc2 Rd4 26. Rc7+ Kb8 27. Nb3 Rb4 28. Na5 g5 29. Nb1 Rb5 30. Nc4 Bxc4 31. Na3 Rxc5 32. Kc3 Ba6+ 33. Kb4 Rc1 34. Rxh7 c5+ 35. Ka5 Ra1 36. Ka4 Ra2 37. Rxc5 Rxf2 38. Nc4 Ne6 0-1

[Event "BRA-ch sf (Women)"]
[Site "Blumenau"]
[Date "2015.11.02"]
[Round "7.5"]
[White "Librelato, Ana Julia Goulart"]
[Black "Nunes, Marcela Andreia Dia"]
[Result "0-1"]
[WhiteElo "1622"]
[BlackElo "1536"]
[PlyCount "112"]
[EventDate "2015.10.30"]
[EventType "swiss"]
[EventRounds "7"]
[EventCountry "BRA"]
[SourceTitle "EXT 2022"]
[Source "ChessBase"]
[SourceDate "2021.10.06"]
[SourceVersion "1"]
[SourceVersionDate "2021.10.06"]
[SourceQuality "1"]

1. e4 g6 2. d4 Bg7 3. Nc3 d6 4. Be3 a6 5. Qd2 b5 6. Bd3 Bb7 7. a4 b4 8. Nce2 a5 9. c3 bxc3 10. bxc3 Nf6 11. Ng3 Nbd7 12. Nf3 c5 13. d5 Ng4 14. Bf4 0-0 15. Rb1 Ba6 16. Bxa6 Rxa6 17. 0-0 Qc7 18. h3 Nge5 19. Nxe5 Nxe5 20. Bh6 Rb8 21. Bxg7 Kxg7 22. f4 Nd7 23. Kh1 Rab6 24. Qc2 Qb7 25. Rxb6 Qxb6 26. Ra1 Qb3 27. Qxb3 Rxb3 28. Ne2 Nf6 29. c4 Nxe4 30. Nc1 Rb4 31. Kh2 Rxc4 32. Nb3 Nc3 33. Rc1 e6 34. dxe6 fxe6 35. Nxa5 Rxa4 36. Nb7 Ne4 37. Re1 d5 38. Nd8 Kf6 39. Re2 c4 40. Nc6 c3 41. Re1 Rc4 42. Ne5 Rd4 43. Rc1 Rd2 44. Nf3 Rf2 45. Kg1 Rb2 46. Ne1 d4 47. Nd3 Rd2 48. Ne1 Ng3 49. Kh2 Ne2 50. Ra1 c2 51. Nxc2 Rxc2 52. Rd1 Kf5 53. Kh1 Kxf4 54. Rf1+ Ke4 55. Rf7 d3 56. Rd7 Nd4 0-1

[Event "BRA-ch sf (Women)"]
[Site "Blumenau"]
[Date "2015.10.30"]
[Round "2.8"]
[White "Nunes, Marcela Andreia Dia"]
[Black "Kikuchi Cadilhac, Mariana Sawae"]
[Result "0-1"]
[WhiteElo "1536"]
[BlackElo "1444"]
[PlyCount "104"]
[EventDate "2015.10.30"]
[EventType "swiss"]
[EventRounds "7"]
[EventCountry "BRA"]
[SourceTitle "EXT 2022"]
[Source "ChessBase"]
[SourceDate "2021.10.06"]
[SourceVersion "1"]
[SourceVersionDate "2021.10.06"]
[SourceQuality "1"]

1. d4 Nf6 2. c4 g6 3. Nc3 Bg7 4. e4 d6 5. f4 e6 6. Nf3 0-0 7. Be2 Re8 8. 0-0 Nbd7 9. e5 Ng4 10. h3 Nh6 11. g4 f5 12. g5 Nf7 13. Kg2 b6 14. Qe1 Bb7 15. Rh1 h6 16. h4 dxe5 17. dxe5 h5 18. Be3 Nc5 19. Bxc5 bxc5 20. Rd1 Qe7 21. Qf2 Rad8 22. Kg3 Rxd1 23. Rxd1 Rd8 24. Rxd8+ Nxd8 25. Nd2 Bf8 26. Nb3 Nc6 27. Na4 Nd4 28. Nxd4 cxd4 29. Qxd4 Qb4 30. b3 Qe1+ 31. Qf2 Qa1 32. Bf3 Bb4 33. Kg2 Bxf3+ 34. Kxf3 Qd1+ 35. Qe2 Qh1+ 36. Qg2 Qxh4 37. Ke3 Qe1+ 38. Qe2 Bd2+ 39. Kf3 Qxe2+ 40. Kxe2 Bxf4 41. Nc5 Kf7 42. Nd3 Bxg5 43. Kf3 h4 44. Nf2 Bh6 45. Nh3 g5 46. Nf2 g4+ 47. Nxg4 fxg4+ 48. Kxg4 Bg7 49. Kxh4 Bxe5 50. Kg4 Ke7 51. Kf3 Kd6 52. b4 Bc3 0-1

[Event "Sao Paulo Cordioli Memorial"]
[Site "Sao Paulo"]
[Date "2015.09.06"]
[Round "4"]
[White "Hoshino, Karen M"]
[Black "Nunes, Marcela Andreia Dia"]
[Result "1/2-1/2"]
[WhiteElo "1808"]
[BlackElo "1532"]
[PlyCount "95"]
[EventDate "2015.09.05"]
[EventType "swiss"]
[EventRounds "6"]
[EventCountry "BRA"]
[SourceTitle "EXT 2016"]
[Source "ChessBase"]
[SourceDate "2015.10.08"]
[SourceVersion "1"]
[SourceVersionDate "2015.10.08"]
[SourceQuality "1"]

1. d4 g6 2. c4 Nf6 3. Nc3 Bg7 4. e4 d6 5. f3 c5 6. Be3 cxd4 7. Bxd4 Nc6 8. Bf2 Be6 9. Bd3 Ne5 10. Nge2 0-0 11. b3 Qa5 12. 0-0 Rfc8 13. Rc1 h5 14. Nd4 Bd7 15. Bb1 a6 16. Qe2 Nc6 17. Nxc6 Bxc6 18. Nd5 Bxd5 19. exd5 Qd8 20. Rce1 Kf8 21. f4 Ng4 22. f5 g5 23. Be3 Bf6 24. h3 Nxe3 25. Qxe3 b5 26. Bd3 bxc4 27. Bxc4 a5 28. h4 gxh4 29. Qh6+ Bg7 30. Qxh5 Qb6+ 31. Kh1 Qd4 32. Rd1 Qf6 33. Rf4 Rab8 34. Qxh4 a4 35. Qxf6 Bxf6 36. Ba6 axb3 37. axb3 Rc3 38. Bc4 Bg5 39. Rf3 Rxf3 40. gxf3 Kg7 41. Rb1 Bd2 42. Kg2 Kf6 43. Bd3 Bb4 44. Kf2 Rg8 45. Be4 Bc5+ 46. Ke2 Ke5 47. Kd3 Rb8 48. Kc2 1/2-1/2

[Event "Sao Paulo Cordioli Memorial"]
[Site "Sao Paulo"]
[Date "2015.09.06"]
[Round "3"]
[White "Nunes, Marcela Andreia Dia"]
[Black "Deus Filho, Joaquim"]
[Result "0-1"]
[WhiteElo "1532"]
[BlackElo "1894"]
[PlyCount "56"]
[EventDate "2015.09.05"]
[EventType "swiss"]
[EventRounds "6"]
[EventCountry "BRA"]
[SourceTitle "EXT 2016"]
[Source "ChessBase"]
[SourceDate "2015.10.08"]
[SourceVersion "1"]
[SourceVersionDate "2015.10.08"]
[SourceQuality "1"]

1. d4 Nf6 2. c4 c5 3. d5 b5 4. cxb5 a6 5. bxa6 Bxa6 6. Nc3 g6 7. e4 d6 8. Bxa6 Nxa6 9. Nf3 Bg7 10. 0-0 0-0 11. a4 Ng4 12. Nb5 Nc7 13. Nxc7 Qxc7 14. Qc2 Rfb8 15. h3 Ne5 16. Nd2 Rb4 17. f4 Nd7 18. Nc4 Nb6 19. Nxb6 Qxb6 20. Ra2 Rb8 21. Rf2 Bd4 22. Kh2 Bxf2 23. Qxf2 Rxe4 24. Bd2 Qb3 25. Ra3 Qxb2 26. Qf3 Rd4 27. Be1 Rxf4 28. Qe3 Qe5 0-1

[Event "Juiz de Fora Summer op"]
[Site "Juiz de Fora"]
[Date "2015.08.23"]
[Round "6"]
[White "Alboredo, Julia"]
[Black "Nunes, Marcela Andreia Dia"]
[Result "1-0"]
[WhiteElo "2017"]
[BlackElo "1534"]
[PlyCount "55"]
[EventDate "2015.08.21"]
[EventType "swiss"]
[EventRounds "6"]
[EventCountry "BRA"]
[SourceTitle "EXT 2016"]
[Source "ChessBase"]
[SourceDate "2015.10.08"]
[SourceVersion "1"]
[SourceVersionDate "2015.10.08"]
[SourceQuality "1"]

1. e4 g6 2. d4 Bg7 3. Nc3 d6 4. Be3 a6 5. Qd2 b5 6. f3 Bb7 7. 0-0-0 Nd7 8. g4 c5 9. Nce2 Qc7 10. h4 h6 11. h5 g5 12. Ng3 e6 13. d5 Ne7 14. dxe6 fxe6 15. f4 d5 16. fxg5 Qxg3 17. gxh6 Bf8 18. g5 Bxh6 19. gxh6 0-0-0 20. Bf4 Qg8 21. Bh3 Nc6 22. exd5 Nd4 23. dxe6 Nxe6 24. Rh2 Bc6 25. Qd6 Nxf4 26. Qxc6+ Kb8 27. Bxd7 Ka7 28. Qc7+ 1-0

[Event "Juiz de Fora Summer op"]
[Site "Juiz de Fora"]
[Date "2015.08.22"]
[Round "3"]
[White "Nunes, Marcela Andreia Dia"]
[Black "Silveira, Aline Santiago"]
[Result "1-0"]
[WhiteElo "1534"]
[BlackElo "1733"]
[PlyCount "73"]
[EventDate "2015.08.21"]
[EventType "swiss"]
[EventRounds "6"]
[EventCountry "BRA"]
[SourceTitle "EXT 2016"]
[Source "ChessBase"]
[SourceDate "2015.10.08"]
[SourceVersion "1"]
[SourceVersionDate "2015.10.08"]
[SourceQuality "1"]

1. d4 Nc6 2. c4 Nf6 3. Nc3 e5 4. d5 Nb8 5. e4 Bc5 6. Bg5 h6 7. Bh4 g5 8. Bg3 0-0 9. Bxe5 Re8 10. Nf3 d6 11. Bxf6 Qxf6 12. Be2 Qd8 13. 0-0 c6 14. a3 a6 15. Nd2 b5 16. Bh5 Nd7 17. dxc6 Nf6 18. cxb5 axb5 19. Bf3 Be6 20. Nxb5 Rb8 21. c7 Qc8 22. cxb8Q Qxb8 23. a4 d5 24. exd5 Nxd5 25. Nb3 Rd8 26. Nxc5 Qc8 27. Nxe6 Qxe6 28. Re1 Qf6 29. Bxd5 Qxb2 30. Bxf7+ Kxf7 31. Qxd8 Kg7 32. Qd4+ Qxd4 33. Nxd4 h5 34. Re6 g4 35. Rb1 h4 36. Rb7+ Kh8 37. Re8# 1-0

[Event "Juiz de Fora Summer op"]
[Site "Juiz de Fora"]
[Date "2015.08.21"]
[Round "2"]
[White "Da Matta, Eduardo Cesar"]
[Black "Nunes, Marcela Andreia Dia"]
[Result "1-0"]
[WhiteElo "1918"]
[BlackElo "1534"]
[PlyCount "59"]
[EventDate "2015.08.21"]
[EventType "swiss"]
[EventRounds "6"]
[EventCountry "BRA"]
[SourceTitle "EXT 2016"]
[Source "ChessBase"]
[SourceDate "2015.10.08"]
[SourceVersion "1"]
[SourceVersionDate "2015.10.08"]
[SourceQuality "1"]

1. e4 g6 2. d4 Bg7 3. Nc3 d6 4. f4 a6 5. a4 e6 6. Nf3 Ne7 7. Bd3 b6 8. Be3 Nd7 9. 0-0 Bb7 10. Qd2 f5 11. Ng5 Nf8 12. Rae1 h6 13. Nf3 Qd7 14. Qe2 0-0-0 15. Bxa6 fxe4 16. Nxe4 Qxa4 17. Bxb7+ Kxb7 18. Ra1 Qc6 19. Qa6+ Kb8 20. Nc3 Nh7 21. Nb5 Nd5 22. Rfe1 Qb7 23. Qxb7+ Kxb7 24. Ra7+ Kc6 25. c4 Rd7 26. cxd5+ Kxb5 27. dxe6 Re7 28. Rc1 Rc8 29. d5 Nf6 30. Nd4+ 1-0

[Event "Rio de Janeiro Guanabara op 2nd"]
[Site "Rio de Janeiro"]
[Date "2015.05.16"]
[Round "4"]
[White "Fucs, Paulo Moses"]
[Black "Nunes, Marcela Andreia Dia"]
[Result "1-0"]
[WhiteElo "2169"]
[BlackElo "1497"]
[PlyCount "93"]
[EventDate "2015.05.09"]
[EventType "swiss"]
[EventRounds "6"]
[EventCountry "BRA"]
[SourceTitle "CBM 166 Extra"]
[Source "ChessBase"]
[SourceDate "2015.06.18"]
[SourceVersion "1"]
[SourceVersionDate "2015.06.18"]
[SourceQuality "1"]

1. e4 c5 2. c4 g6 3. Nc3 Bg7 4. Nf3 Nc6 5. d3 Nf6 6. Be2 d6 7. a3 0-0 8. Rb1 Bg4 9. 0-0 Qa5 10. Bd2 Rfc8 11. Re1 Qd8 12. b4 b6 13. Bg5 h6 14. Bh4 g5 15. Bg3 Nh5 16. Nd5 Nxg3 17. hxg3 Rab8 18. b5 Bxf3 19. gxf3 Nd4 20. Bf1 e6 21. Ne3 Qf6 22. Bg2 Kh7 23. a4 Rh8 24. Nc2 Qe7 25. Nxd4 Bxd4 26. Qd2 Kg7 27. f4 Qf6 28. Re2 gxf4 29. Qxf4 Qxf4 30. gxf4 Kf6 31. Bh3 Rbg8+ 32. Kh2 Rg6 33. Rg1 Ra8 34. Rxg6+ fxg6 35. Bg2 e5 36. Ra2 a6 37. a5 axb5 38. axb6 Rb8 39. cxb5 Rxb6 40. Ra6 Rxb5 41. Rxd6+ Kf7 42. f5 gxf5 43. exf5 Bxf2 44. Bd5+ Kf8 45. Rxh6 Kg7 46. Rg6+ Kf8 47. f6 1-0

[Event "Rio de Janeiro Guanabara op 2nd"]
[Site "Rio de Janeiro"]
[Date "2015.05.09"]
[Round "2"]
[White "Maia, Marco Aurelio Ferre"]
[Black "Nunes, Marcela Andreia Dia"]
[Result "1-0"]
[WhiteElo "2140"]
[BlackElo "1497"]
[PlyCount "103"]
[EventDate "2015.05.09"]
[EventType "swiss"]
[EventRounds "6"]
[EventCountry "BRA"]
[SourceTitle "CBM 166 Extra"]
[Source "ChessBase"]
[SourceDate "2015.06.18"]
[SourceVersion "1"]
[SourceVersionDate "2015.06.18"]
[SourceQuality "1"]

1. d4 Nf6 2. c4 g6 3. Nc3 Bg7 4. e4 d6 5. f3 0-0 6. Nge2 c5 7. d5 a6 8. a4 e6 9. Ng3 exd5 10. cxd5 Nbd7 11. Be2 Qc7 12. Be3 Re8 13. Qd2 Rb8 14. 0-0 Nf8 15. Rfc1 Bd7 16. a5 b5 17. axb6 Rxb6 18. Rxa6 Reb8 19. Rxb6 Qxb6 20. b4 Bc8 21. bxc5 dxc5 22. Na4 Qa7 23. Nxc5 Qa3 24. Bd4 N6d7 25. Bxg7 Kxg7 26. Qc3+ Qxc3 27. Rxc3 Rb1+ 28. Kf2 h5 29. Ne6+ fxe6 30. Rxc8 exd5 31. exd5 Kf6 32. Ne4+ Ke5 33. Ke3 Rb3+ 34. Rc3 Rxc3+ 35. Nxc3 Nb6 36. f4+ Kd6 37. Kd4 Nbd7 38. Bd3 Ke7 39. Ne4 Kf7 40. Nd6+ Ke7 41. Nc4 Kf6 42. Ne5 g5 43. Nxd7+ Nxd7 44. fxg5+ Kxg5 45. d6 Kf6 46. Kd5 h4 47. Bb5 Nf8 48. Kc6 Ne6 49. Ba4 Nf8 50. Kc7 Ke5 51. d7 Nxd7 52. Kxd7 1-0